000 01043nab a22002297a 4500
999 _c5758
_d5758
003 OSt
005 20260105145223.0
008 190514b xxu||||| |||| 00| 0 spa d
040 _cPJ
100 _96672
_aBernardis, María Anael de
245 1 3 _aEl ejercicio de los derechos de las personas con discapacidad /
_cBernardis, María Anael de
300 _ap. 121-125
500 _aCita: TR LALEY AR/DOC/879/2025.
505 _aSumario: I. El caso.— II. Primera instancia.— III. Los agravios.— IV. Los argumentos de la solución de la Cámara.— V. Valoración crítica.— VI. Conclusión.
505 _tFallo comentado: CCiv. y Com., Necochea ~ 01/10/2024 ~ RGE:Ne- 7203- 2023.
650 0 _9967
_aDERECHO DE FAMILIA
650 0 _93271
_aPERSONAS CON DISCAPACIDAD
650 0 _92342
_aCAPACIDAD
650 0 _91057
_aJURISPRUDENCIA APLICABLE
773 0 _02844
_93222
_dBuenos Aires : AbeledoPerrot, 1989-
_tDerecho de familia. Revista Interdisciplinaria de doctrina y jurisprudencia. Junio 2025-III.
_z18511201
942 _2udc
_cANA